| 000 | 00521nam a2200157 a 4500 | ||
|---|---|---|---|
| 005 | 20140412111222.0 | ||
| 008 | 010131s19uu xx 00 eng d | ||
| 020 | _a971-121-151-3 | ||
| 050 |
_aFil E _bLo95 1983 |
||
| 100 | _aAlmario, Virgilio S. | ||
| 245 |
_aThe love of Lam-ang / _cRetold by Virgilio S. Almario illustrated by alberto E. Gamos. |
||
| 260 |
_aMetro Manila Philippines : _bChildren's Comm. Center, _c1983. |
||
| 300 | _a1 v. (unpaged): col. ill. | ||
| 650 | _aFolklore -- Philippines | ||
| 999 |
_c101950 _d101950 |
||